'WATER' We Talking About? Quiz Stats

 Plays Quiz Updated Feb 28, 2019

Score 0/114 Timer 09:00
2 Plays Today
Letter Hints Form of Water % Correct
a_uaaqua
95.7%
av_ _an_heavalanche
87.1%
ca_alcanal
78.2%
cas_ _decascade
76.6%
i_ _ice
74.9%
_ _ _ _ _water
74.2%
la_ _lake
71.8%
ba_bay
71.3%
foa_foam
71.3%
mi_tmist
71.1%
bli _ _ _ _ dblizzard
71%
hu_ _ _ityhumidity
68.9%
mo_ _oonmonsoon
68.6%
cha_ _elchannel
67.9%
sto_ _storm
67.7%
dri_ _ledrizzle
67.2%
hy_ _ atehydrate
66.8%
r_ _ _rain
66.3%
wa_ewave
65.2%
cl_ _ _cloud
63.3%
na_ _owsnarrows
62.4%
la_o_nlagoon
62.1%
t_ _ _oontyphoon
62.1%
s_ _ _snow
61%
hu_ _ _ _anehurricane
60.9%
to_ _enttorrent
60.6%
loc_loch
60.5%
sur_surf
60.1%
s_ _sea
58.9%
r_ _ _ _river
58.1%
po_derpowder
57.7%
i_ _ _ _ rgiceberg
57.6%
po_ _pond
57.5%
cur_e_tcurrent
56.5%
ev_ _ _ _ _tionevaporation
56.4%
o_ _ _ nocean
56.3%
fo_fog
56.3%
da_dam
55.7%
Letter Hints Form of Water % Correct
f_ _rdfjord
55.3%
dr_ _drop
54.7%
sle_ _sleet
54.2%
gl_ _ _erglacier
54.2%
mo_ _ _uremoisture
54.1%
ni_ _usnimbus
52.8%
va_ _rvapor
52.8%
wh_ _ _outwhiteout
52.6%
es_ _ _ryestuary
52.5%
water_ _ _lwaterfall
52.2%
pu_ _lepuddle
51.9%
over_ _ _woverflow
51.7%
sp_i_gspring
51.1%
see_ageseepage
51%
rese_ _ _irreservoir
49.6%
ha_ _hail
49%
fo_ _t _ _nfountain
49%
po_ _pool
48.9%
i_ _ _leicicle
48.9%
dr_ _drip
48.5%
ci_ _uscirrus
48.3%
mo_ulmogul
48%
th_ _ _ ers_ _ _mthunderstorm
47.8%
ste_ _steam
47.3%
te_ _esttempest
47.2%
fl_efloe
46.9%
de_dew
46.6%
pr_ _ _ _ _ _ _tionprecipitation
45.3%
f_ _lsfalls
44.5%
flo_ _flood
44.2%
cat_r_ _tcataract
44.2%
sl_ _hslush
44.1%
t_ _ewatertidewater
43.2%
r_ _ _b_ _rainbow
43.1%
t_ _ _ _ _itsunami
43%
cre_ _creek
42.9%
ba_ _ubayou
42.8%
con_ _ _ _ _tioncondensation
42.6%
Letter Hints Form of Water % Correct
de_ _gedeluge
42.2%
cum_l_ n_ _ _uscumulonimbus
42.2%
st_ _ _mstream
41.8%
in_ _tinlet
41.7%
fr_ _tfrost
41.3%
water_ _ywaterway
40.9%
do_ _p_ _rdownpour
40.5%
sh_ _ershower
39.8%
wh_ _l _ _ _lwhirlpool
39.1%
bre_k_ _breaker
39.1%
cr_ _talcrystal
39.1%
h_oH2O
38.8%
ed_ _eddy
37.8%
r_ _ _d_ _ _raindrop
35.8%
ge_ _ergeyser
35.4%
hoa_hoar
35.4%
rap_ _srapids
35.3%
sp_i _ _lesprinkle
35.2%
f_ _ _ryflurry
35%
tr_ _ _ _arytributary
34.9%
ha_ _orharbor
33.2%
sp_ _yspray
32.6%
s_ _ _dr_ _tsnowdrift
32.5%
ha_ehaze
32.5%
gr_ n_ legranule
30.6%
vo_te_vortex
30.2%
r_ _ _s_ _ _ _rainstorm
30.1%
cl_ _ _b_ _ _tcloudburst
29.5%
s_ _ndsound
28%
ru_ _ffrunoff
27.2%
gu_ _gulf
25.3%
s_ _allsquall
24.3%
br_ _ _brook
24.2%
ta_ntarn
23.3%
un_ _ _ _owundertow
22.2%
cat_c_ _ _mcataclysm
21.4%
ri_erime
20.4%
s_ _ _f_a_esnowflake
19.6%

You're not logged in!

Compare scores with friends on all Sporcle quizzes.
OR
Log In

You Might Also Like...

Show Comments

Extras

Top Quizzes Today


Score Distribution

Your Account Isn't Verified!

In order to create a playlist on Sporcle, you need to verify the email address you used during registration. Go to your Sporcle Settings to finish the process.

Report this User

Report this user for behavior that violates our Community Guidelines.

Details: